| 000 | 00512nam a2200205Ia 4500 | ||
|---|---|---|---|
| 008 | 170918s9999 xx 000 0 und d | ||
| 020 | _a9780439129107 | ||
| 050 | _bS642we 2001 | ||
| 100 | _aSmith, Patricia Clark | ||
| 245 | _aWeetamoo, heart of the pocassets / | ||
| 245 | _cby Patricia Clark Smith. | ||
| 260 | _aNew York : | ||
| 260 | _bScholastic, | ||
| 260 | _c2001 | ||
| 300 | _a203 pages : | ||
| 300 | _billustrations ; | ||
| 300 | _c19cm. | ||
| 300 | _eThe royal diaries. | ||
| 500 | _a1050 | ||
| 999 |
_c343928 _d343928 |
||